| 000 | 00457nam a2200181Ia 4500 | ||
|---|---|---|---|
| 008 | 090123s9999 xx 000 0 und d | ||
| 082 | _b20829 | ||
| 100 | _aVISHWANATH | ||
| 245 | _aMATHEMATICS FOR COST ACCOUNTANTS | ||
| 250 | _a4 | ||
| 260 |
_bSULTAN CHAND-SONS _c1981 |
||
| 300 | _a366 | ||
| 600 | _aVISHWANATH | ||
| 630 | _aMATHEMATICS FOR COST ACCOUNTANTS | ||
| 700 | _aVISHWANATH | ||
| 730 | _aMATHEMATICS FOR COST ACCOUNTANTS | ||
| 942 | _cBOOK | ||
| 999 |
_c58901 _d58901 |
||